000 01009cam a2200301 i 4500
999 _c4211
_d4211
001 18592715
003 OSt
005 20250127094304.0
008 150425s2015 nyuab j b 000 0 eng
010 _a 2015939764
020 _a9780448484075 (pbk.)
040 _aDLC
_beng
_erda
_cDLC
042 _apcc
043 _ae-fr---
082 0 0 _a940 DEM
100 1 _aDemuth, Patricia
_eauthor.
245 1 0 _aWhat was D-Day? /
_cby Patricia Brennan Demuth ; illustrated by David Grayson Kenyon.
264 1 _aNew York, New York :
_bGrosset & Dunlap, an imprint of Penguin Group (USA) LLC
_c[2015]
300 _a107 pages :
_billustrations, maps ;
_c20 cm
336 _atext
_btxt
_2rdacontent
337 _aunmediated
_bn
_2rdamedia
338 _avolume
_bnc
_2rdacarrier
490 0 _aWhat was...?
504 _aIncludes bibliographical references.
650 0 _aWorld War, 1939-1945
_xCampaigns
_zFrance
_zNormandy
_vJuvenile literature.
700 1 _aKenyon, David Grayson,
_eillustrator.
942 _2ddc
_cFIC